| 000 | 00453cam a2200193ua 4500 | ||
|---|---|---|---|
| 020 | _c25.00 | ||
| 041 |
_aeng _h |
||
| 082 |
_a515.7 _bSAR/FU |
||
| 100 | _aSaran, N . | ||
| 245 |
_aFunctional analysis / _cN Saran. _hTextual Documents |
||
| 260 |
_aMeerut : _bPragati Prakashan , _c1984. |
||
| 300 | _a240 ; . | ||
| 365 | _a25.00 | ||
| 504 | _a | ||
| 700 | 1 | _aShukla, S L . | |
| 942 | _cBK | ||
| 999 |
_c9907 _d9907 |
||